US State or British County? - Statistics

General Stats
  • This quiz has been taken 20 times
  • The average score is 2 of 15
Answer Stats
Hint Answer % Correct
British County Aberdeenshire
27%
US State Montana
27%
British County Carmarthenshire
18%
US State Maine
18%
US State Texas
18%
British County Yorkshire
18%
US State Alaska
9%
British County Cornwall
9%
British County Down
9%
US State Hawaii
9%
British County Orkney
9%
US State California
0%
US State Idaho
0%
US State Mississippi
0%
British County Moray
0%
No matching quizzes found
Score Distribution
Percent of People with Each Score
Percentile by Number Answered
Your Score History
You have not taken this quiz